000 00286nam a2200121Ia 4500
008 140130s9999 xx 000 0 und d
245 _cFreedman, Russell
_aIndian chiefs
260 _bScholastic,
_c1987
440 _v1
521 _aGrade 7 - Grade 12
942 _cBK
999 _c41377
_d41377